Голубая Мещера: [Сборник; Гой ты Русь, моя родная...; Песнь о Евпатии Коловрате; Заложен бысть град; Повесть о разорении Рязани Батыем; Авдотья Рязаночка; Из романа "Память"
| Sumari: | Если бы даже в Рязанскую область входила только северная ее часть, кусочек Мещерской низменности, то и этого вполне хватило бы для создания целой книги. Впрочем, она давно уже есть, - К. Паустовский своим романтическим пером любовно описал лесную загадочную - именно рязанскую - Мещеру. Есть на рязанщине чем гордиться: 900-летняя история, своеобразная культура, особенности быта, ремесел. С этой землей - родиной великого поэта Сергея Есенина - связаны имена многих других выдающихся литераторов: Я. Полонского, М. Салтыкова-Щедрина, Л. Куприна... Их словом, а также очерками современников в этом сборнике и показана жизнь Рязанской области в ее прошлом и настоящем. |
|---|---|
| Idioma: | rus |
| Publicat: |
Москва, Современник, 1988
|
| TOC: | С. А. Есенин, Гой ты Русь, моя родная...; Песнь о Евпатии Коловрате; В. Панков, Заложен бысть град; Повесть о разорении Рязани Батыем; Авдотья Рязаночка; В. Чивилихин, Из романа "Память"; |
| Col·lecció: | Сердце России |
| Matèries: | |
| Format: | MixedMaterials Llibre |
| KOHA link: | https://koha.lib.tpu.ru/cgi-bin/koha/opac-detail.pl?biblionumber=352410 |
MARC
| LEADER | 00000nam0a2200000 4500 | ||
|---|---|---|---|
| 001 | 352410 | ||
| 005 | 20231102010509.0 | ||
| 010 | |a 5270000024 | ||
| 020 | |a RU |b 88-71825 | ||
| 035 | |a (RuTPU)RU\TPU\retro\8937 | ||
| 090 | |a 352410 | ||
| 100 | |a 20191223d1988 m a0rusy5003 ca | ||
| 101 | 0 | |a rus | |
| 102 | |a RU | ||
| 105 | |a a z 000ay | ||
| 200 | 1 | |a Голубая Мещера |e [Сборник |f Сост. В. Сафонов, В. Кабанов] | |
| 210 | |a Москва |c Современник |d 1988 | ||
| 215 | |a 446,[1] с. |c [24] л. ил. | ||
| 225 | 1 | |a Сердце России | |
| 330 | |a Если бы даже в Рязанскую область входила только северная ее часть, кусочек Мещерской низменности, то и этого вполне хватило бы для создания целой книги. Впрочем, она давно уже есть, - К. Паустовский своим романтическим пером любовно описал лесную загадочную - именно рязанскую - Мещеру. Есть на рязанщине чем гордиться: 900-летняя история, своеобразная культура, особенности быта, ремесел. С этой землей - родиной великого поэта Сергея Есенина - связаны имена многих других выдающихся литераторов: Я. Полонского, М. Салтыкова-Щедрина, Л. Куприна... Их словом, а также очерками современников в этом сборнике и показана жизнь Рязанской области в ее прошлом и настоящем. | ||
| 464 | |t Гой ты Русь, моя родная... |o стихи |f С. А. Есенин | ||
| 464 | |t Песнь о Евпатии Коловрате | ||
| 464 | |t Заложен бысть град |f В. Панков | ||
| 464 | |t Повесть о разорении Рязани Батыем | ||
| 464 | |t Авдотья Рязаночка |o народная баллада | ||
| 464 | |t Из романа "Память" |f В. Чивилихин |a Панков, Владимир | ||
| 606 | |a Краеведение |2 stltpush |3 (RuTPU)RU\TPU\subj\16068 |9 42256 | ||
| 610 | 1 | |a Рязанская область | |
| 610 | 1 | |a Мещерская низменность | |
| 610 | 1 | |a Мещера | |
| 675 | |a 908 |z rus | ||
| 801 | 0 | |a RU |b RuMRKP |c 19950417 |g psbo | |
| 801 | 1 | |a RU |b 63413507 |c 20191223 | |
| 801 | 2 | |a RU |b 63413507 |c 20191223 |g RCR | |
| 942 | |c BK | ||